000 00301nam a22001337a 4500
008 170927b xxu||||| |||| 00| 0 eng d
020 _a9780393065053
041 _aeng
080 _a37
100 _a46
101 _aEDU
245 _aINTELLIGENCE AND HOW TO GET IT
_cNISBETT,R.E
942 _2udc
_cBK
999 _c30171
_d30171